EXPRESSWAY TO ENGLISH ENGLISH FOR SPEAKE (Record no. 9336)

MARC details
000 -LEADER
fixed length control field 00341nam a2200133Ia 4500
008 - FIXED-LENGTH DATA ELEMENTS--GENERAL INFORMATION
fixed length control field 240624s9999 xx 000 0 und d
041 ## - LANGUAGE CODE
Language code of text/sound track or separate title eng
082 ## - DEWEY DECIMAL CLASSIFICATION NUMBER
Classification number 425 DAS
100 ## - MAIN ENTRY--PERSONAL NAME
Personal name DAS BIKRAM K
245 ## - TITLE STATEMENT
Title EXPRESSWAY TO ENGLISH ENGLISH FOR SPEAKE
260 ## - PUBLICATION, DISTRIBUTION, ETC.
Date of publication, distribution, etc. 2008
Place of publication, distribution, etc. New Delhi
Name of publisher, distributor, etc. Sangam Books
300 ## - PHYSICAL DESCRIPTION
Extent 218 : p. : cm. ; 23
365 ## - TRADE PRICE
Currency code RS
Price amount 32
Holdings
Withdrawn status Lost status Damaged status Not for loan Home library Current library Shelving location Date acquired Source of acquisition Cost, normal purchase price Total Checkouts Total Holds Full call number Barcode Date last seen Date last checked out Copy number Price effective from Koha item type
        IMTN IMTN Rack 15-B 07/22/2008 IBH 120.00 1 976 425 DAS 9336 07/24/2024 07/13/2024 1 06/24/2024 Books
Designed & Maintained by: LRC IMT Nagpur Contact: lrc@imtnag.ac.in© 2024. All Rights Reserved.